Efectos de la compactación del suelo : conceptos sobre penetrometría, experiencias de escarificado /

Guardado en:
Autor Principal: Silenzi, Juan Carlos.
Autor Corporativo: Universidad Nacional del Sur. Departamento de Agronomía.
Formato: Libro
Idioma:Spanish
Publicado: Bahía Blanca, 2006.
Etiquetas: Agregar Etiqueta
Sin Etiquetas, Sea el primero en etiquetar este registro!
LEADER 00592nam a22001575a 4500
001 EEA.libagro007633
005 20180424122649.0
008 130809s2006####ag############000#0#spa#d
082 0 4 |a 631.43 
100 1 |a Silenzi, Juan Carlos. 
245 1 0 |a Efectos de la compactación del suelo :  |b conceptos sobre penetrometría, experiencias de escarificado /  |c Juan Carlos Silenzi. 
260 |a Bahía Blanca,  |c 2006. 
300 |a 41 h. ;  |c 30 cm. 
500 |a Publicación docente. 
710 2 |a Universidad Nacional del Sur.  |b Departamento de Agronomía. 
859 |a AR-BbBCA  |b BIB. AGRONOMIA  |h 631.43  |i S582-1  |p 2006/5022